Wykluczanie według kategorii - stany USA #3 - Statystyki

Ogólne statystyki
  • Ten quiz został rozwiązany 72 razy
  • Średni wynik to 11 z 16
Statystyki odpowiedzi
Grupa # Kategoria % Poprawnych
Zielona 25 Stany, które głosowały na Partię Niebieską w wyborach w 2020 r.
100%
Zielona 16 ... które nie graniczą z innym państwem
95%
Pomarańczowa 10 Stany, które są dwoma słowami
95%
Pomarańczowa 6 ... które nie są „nowe”
88%
Niebieska 35 Państwa, które nie graniczą z innym krajem
83%
Pomarańczowa 3 ... które znajdują się w regionie spisowym południowym
81%
Niebieska 17 ... które zawierają literę O
81%
Fioletowa 27 Państwa, których flaga zawiera ich nazwę
78%
Fioletowa 15 ... z maksymalną wysokością ponad 1500 m
78%
Zielona 5 ... z liczbą ludności mniejszą niż 4 miliony
76%
Pomarańczowa 1 ... i ma ponad 8 milionów ludzi Karolina Północna
63%
Niebieska 4 ... które były częścią konfederatów
58%
Niebieska 1 ... i średnio ponad 40 tornad rocznie Floryda
39%
Fioletowa 5 ... które były częścią zakupu Luizjany
37%
Zielona 1 ... i jest również śródlądowy Nevada
31%
Fioletowa 1 ... i która graniczy z innym krajem Montana
19%
Nie znaleziono quizów pasujących do podanych kryteriów
Rozkład punktacji
Procent ludzi z każdym wynikiem
Percentyl według liczby udzielonych odpowiedzi
Twoja historia wyników
Nie rozwiązałeś tego quizu